Представление документа в формате MARC21

Поле Инд. ПП Название Значение
Тип записи a
Библиографический уровень m
001 Контрольный номер RU/IS/BASE/264550410
005 Дата корректировки 20250808122219.5
008 Кодируемые данные 19980330
020 00 a ISBN 5-87905-063-7
040 00 e Правила каталог. Л.М. 980330
084 a Индекс другой классификации/Индекс ББК 88.566.1я43; 88.54я43
090 00 a Полочн. индекс 88.566.1я43
x Авторский знак Л 557
097 00 a 240
245 00 a Заглавие Лидерство: Психологические проблемы в бизнесе
b Продолж. заглавия по материалам американских исследований
c Ответственность под редакцией Т. Н. Ушаковой; редактор-составитель К. Ковальски, Дж. Кенджеми; перевод А. В. Александрова, Д. В. Люсин
260 00 a Место издания Дубна
b Издательство Феникс
c Дата издания 1997
300 00 a Объем 176 с.
336 a Термин вида содержания Текст
337 a Термин типа средства непосредственный
505 0_ a Форматированное содержание "Стеклянный потолок": занимают ли женщины в США должное положение в обществе?
b Автор Чаффинс С.
b Автор Форбс М.
b Автор Фукуа Г. Е., мл.
b Автор Кенджеми Дж. П.
505 0_ a Форматированное содержание Американское лидерство: команды и игры
b Автор Лазарус Г.
b Автор Шанахан Дж.
505 0_ a Форматированное содержание В чем сущность лидерства? Готовность к риску в рыночной экономике
b Автор Аделл Ч.
505 0_ a Форматированное содержание Групповое мышление в принятии решений руководителями организации
b Автор Фукуа Г. Е., мл.
b Автор Чаффинс С.
b Автор Кенджеми Дж. П.
b Автор Ковальски К. Дж.
505 0_ a Форматированное содержание Гуманное лидерство в XX столетии
b Автор Лоринг М. Т.
505 0_ a Форматированное содержание Использование лидером личного авторитета или власти законных полномочий
b Автор Кенджеми Дж. П.
505 0_ a Форматированное содержание К вопросу об образовательной подготовки лидеров высшего звена
b Автор Лундстедт С. Б.
505 0_ a Форматированное содержание Лидерство в свободном обществе
b Автор Гибсон Р. К.
505 0_ a Форматированное содержание Мировой лидерство в XXI веке
b Автор Клоуз Р. У.
505 0_ a Форматированное содержание Особенности японской системы управления в сравнении с американской
b Автор Лусиер К.
b Автор Баучер М.
b Автор Уайт Дж.
b Автор Кенджеми Дж. П.
b Автор Ковальски К. Дж.
505 0_ a Форматированное содержание Почему неэффективен постоянный контроль за качеством работы
b Автор Миллер Р. Л.
b Автор Кенджеми Дж. П.
505 0_ a Форматированное содержание Психология лидерства в образовательных учреждениях
b Автор Критсонис В. А.
505 0_ a Форматированное содержание Стремление к власти как мотив принятия решений в организационной деятельности
b Автор Хейнбах С. Е.
505 0_ a Форматированное содержание Успешно действующий руководитель: что он собой представляет?
b Автор Кенджеми Дж. П.
b Автор Ковальски К. Дж.
505 0_ a Форматированное содержание Формирование, упадок и возрождение доверия в организации
b Автор Кенджеми Дж. П.
b Автор Райс Дж.
b Автор Ковальски К. Дж.
650 04 a Основная рубрика психология
a Основная рубрика психология управления
a Основная рубрика социальная психология
653 00 a Ключевые слова XX век
a Ключевые слова XXI век
a Ключевые слова власть
a Ключевые слова группы
a Ключевые слова женский вопрос
a Ключевые слова игры
a Ключевые слова индивидуальная психология
a Ключевые слова коллектив
a Ключевые слова лидерство
a Ключевые слова лидеры
a Ключевые слова личность
a Ключевые слова личный авторитет
a Ключевые слова мышление
a Ключевые слова образование
a Ключевые слова общество
a Ключевые слова организации
a Ключевые слова партнерство
a Ключевые слова подготовка персонала
a Ключевые слова предприятие
a Ключевые слова принятие решений
a Ключевые слова риски
a Ключевые слова руководители
a Ключевые слова рыночная экономика
a Ключевые слова системы управления
a Ключевые слова стиль руководства
a Ключевые слова США
a Ключевые слова управление
a Ключевые слова Япония
700 10 a Автор Баучер М.
u Дополнение к имени Boucher M.
700 10 a Автор Кенджеми Дж. П.
u Дополнение к имени Cangemi J. P.
700 10 a Автор Клоуз Р. В.
u Дополнение к имени Close R. W.
700 10 a Автор Форбс М.
u Дополнение к имени Forbes M.
700 10 a Автор Гибсон Р. К.
u Дополнение к имени Gibson R. C.
700 10 a Автор Ковальски К. Дж.
u Дополнение к имени Kowalsky C. J.
700 10 a Автор Лоринг М. Т.
u Дополнение к имени Loring M. T.
700 10 a Автор Аделл Ч.
u Дополнение к имени Udell Ch.
700 10 a Автор Чаффинс С.
u Дополнение к имени Chaffins S.
700 10 a Автор Миллер Р. Л.
u Дополнение к имени Miller R. L.
901 t Тип документа m
952 a Тип литературы для КСУ ВШ НПИ